[Event "IX Open"]
[Site "Albacete ESP"]
[Date "2001.09.04"]
[Round "7"]
[White "Safranska,A"]
[Black "Asensio Soto,F"]
[Result "1-0"]
[WhiteElo "2330"]
[BlackElo "2112"]

1.Nf3 d5 2.g3 Nf6 3.Bg2 c6 4.O-O Bg4 5.h3 Bh5 6.d3 Nbd7 7.Qe1 e5 8.e4 dxe4
9.dxe4 Bc5 10.Nh4 O-O 11.Nd2 Re8 12.Nc4 Bf8 13.Nf5 Qc7 14.Bd2 Nc5 15.b4 b5
16.Na5 Ne6 17.c3 Nd7 18.a3 f6 19.Kh1 Nb6 20.f4 Nd7 21.Nb3 Bf7 22.Rb1 g6 23.Nh4 Ng7
24.f5 g5 25.Nf3 Nb6 26.Na5 Red8 27.Rf2 Ne8 28.Be3 Nd6 29.Nd2 Nbc4 30.Naxc4 Nxc4
31.Nxc4 Bxc4 32.Bf3 a5 33.h4 h6 34.hxg5 hxg5 35.Be2 Bxe2 36.Qxe2 axb4 37.axb4 Rd7
38.Kg2 Rh7 39.Rff1 Qf7 40.Ra1 Qe8 41.Rxa8 Qxa8 42.Rd1 Qb7 43.Qa2+ Rf7 44.Rd8 c5
45.Qd5 cxb4 46.cxb4 Kg7 47.Bc5 Bxc5 48.bxc5 Qa7 49.Ra8 Qc7 50.c6 Qb6 51.Qd8 Qxd8
52.Rxd8 Kh6 53.Rh8+ Kg7 54.Rb8  1-0

[Event "3rd Open"]
[Site "Glyfada GRE"]
[Date "2001.09.04"]
[Round "5"]
[White "Nikolaidis,I"]
[Black "Poteas,I"]
[Result "1-0"]
[WhiteElo "2531"]
[BlackElo "2115"]

1.Nf3 d5 2.g3 Nf6 3.Bg2 e6 4.O-O Be7 5.d3 c5 6.Nbd2 Nc6 7.e4 b6 8.Re1 Bb7
9.c3 Qc7 10.a3 dxe4 11.dxe4 O-O 12.e5 Nd7 13.Qe2 Rfe8 14.h4 a5 15.a4 Rad8
16.Nc4 Ba6 17.Bf4 Nf8 18.h5 h6 19.Bf1 Nh7 20.Qe3 Bxc4 21.Bxc4 Ng5 22.Bxg5 hxg5
23.Nxg5 Bxg5 24.Qxg5 Qe7 25.Qf4  1-0

[Event "FSIMA September"]
[Site "Budapest HUN"]
[Date "2001.09.05"]
[Round "5"]
[White "Nemeth,Z"]
[Black "Pitschka,K"]
[Result "1/2-1/2"]
[WhiteElo "2328"]
[BlackElo "2220"]

1.Nf3 d5 2.g3 c6 3.Bg2 Nf6 4.O-O Bg4 5.d4 Nbd7 6.Nbd2 e6 7.Re1 Be7 8.c3 h6
9.e4 dxe4 10.Nxe4 O-O 11.Qb3 Nxe4 12.Rxe4 Bf5 13.Re1 Qb6 14.Qxb6 axb6 15.Bf4 Bf6
16.a3 b5 17.Bd6 Rfe8 18.Ne5 Be7 19.Bxe7 Rxe7 20.Nxd7 Rxd7 21.h4 g6 22.f4 h5
23.Kf2 Bc2 24.Rac1 Bb3 25.Re5 Kg7 26.Rce1 Kf6 27.Bf3 Rh8 28.Rh1 Rdd8 29.Bd1 Bxd1
30.Rxd1 Ra8 31.Kf3 Rad8 32.Re2 Rd5 33.Ke4 Ra8 34.Ra1 Ra4 35.b3 Ra7 36.Rb2 Rd8
37.a4 Rda8 38.Rab1 bxa4 39.bxa4 Rxa4 40.Rxb7 c5 41.Rd7 cxd4 42.Rxd4 Ra3 43.Rc4 R8a7
44.Rd1 Ra2 45.Rd3 Re2+ 46.Re3 Rc2 47.Rb4 Rd7 48.Rc4 Ke7 49.Rc6 f5+ 50.Kf3 Kf7
51.c4 Rdd2 52.Rb3 Rf2+ 53.Ke3 Rcd2 54.Rb7+ Kf6 55.Rcc7  1/2-1/2

[Event "EYCC B16"]
[Site "Halkidiki GRE"]
[Date "2001.09.06"]
[Round "6"]
[White "Novikov,S"]
[Black "Jakymov,V"]
[Result "0-1"]
[WhiteElo "2337"]
[BlackElo "2281"]

1.Nf3 d5 2.g3 c5 3.Bg2 Nc6 4.d4 e6 5.O-O Nf6 6.c4 Be7 7.Nc3 O-O 8.cxd5 exd5
9.Bg5 c4 10.Ne5 Be6 11.Nxc6 bxc6 12.b3 Qa5 13.Qc2 Rfd8 14.e3 Rac8 15.bxc4 dxc4
16.Ne4 Qf5 17.Bxf6 gxf6 18.Rab1 c5 19.Rb5 Bd5 20.dxc5 Bxc5 21.Rd1 Kg7 22.Rd2 c3
23.Nxc3 Qxc2 24.Rxc2 Bc4 25.Rb7 Bb6 26.Rc1 Ba6 27.Re7 Rd3 28.Bf1 Rcxc3 29.Rxc3 Rd1
30.Kg2 Bxf1+ 31.Kf3 Bb5 32.Re4 f5 33.Re5 Bd3 34.Kf4 Bb1 35.a4 Rf1 36.Kf3 Be4+
37.Ke2 Ra1 38.f3 Ra2+ 39.Kf1 Kf6 40.Rb5 Bxf3  0-1

[Event "TCh-YUG"]
[Site "Herceg Novi YUG"]
[Date "2001.09.06"]
[Round "4"]
[White "Drasko,M"]
[Black "Abramovic,B"]
[Result "1/2-1/2"]
[WhiteElo "2509"]
[BlackElo "2502"]

1.Nf3 d5 2.g3 c5 3.Bg2 Nc6 4.c4 d4 5.d3 e5 6.O-O Bd6 7.e3 Nge7 8.exd4 cxd4
9.b3 O-O 10.Ba3 f6 11.Bxd6 Qxd6 12.a3 a5 13.Nbd2  1/2-1/2

[Event "EYCC B14"]
[Site "Halkidiki GRE"]
[Date "2001.09.08"]
[Round "8"]
[White "Gonda,L"]
[Black "Luch,M"]
[Result "1/2-1/2"]
[WhiteElo "2307"]
[BlackElo "2115"]

1.g3 d5 2.Nf3 Nf6 3.Bg2 c6 4.O-O Bg4 5.b3 Nbd7 6.Bb2 e6 7.d3 Bd6 8.Nbd2 O-O
9.e4 dxe4 10.dxe4 Be5 11.Bxe5 Nxe5 12.Qe1 Bxf3 13.Nxf3 Nxf3+ 14.Bxf3 e5 15.Rd1 Qe7
16.Qe3 b6 17.Rd2 Rfd8 18.Rfd1 Kf8 19.Qc3 Rxd2 20.Rxd2 Qc5 21.Qxc5+ bxc5 22.Kf1 Ke7
23.Ke2 Rd8 24.Rxd8 Kxd8 25.Ke3 Ne8 26.Be2  1/2-1/2

[Event "Open"]
[Site "Cesenatico ITA"]
[Date "2001.09.12"]
[Round "5"]
[White "Ventura,S"]
[Black "Rossi,G"]
[Result "1/2-1/2"]
[WhiteElo "2192"]
[BlackElo "2119"]

1.Nf3 d5 2.g3 c6 3.Bg2 Nf6 4.O-O Bf5 5.d3 e6 6.Nbd2 Be7 7.b3 Nbd7 8.Bb2 O-O
9.Qe1 h6 10.e4 Bh7 11.Qe2 Qc7 12.e5 Ne8 13.h4 Qb6 14.Kh1 Nc7 15.Bh3 a5 16.Qe3 Qxe3
17.fxe3 a4 18.Rfe1 axb3 19.axb3 Rxa1 20.Rxa1 Ra8 21.Rxa8+ Nxa8 22.Bf1 Nc7
23.Kg2 Kf8 24.Kf2 Ke8  1/2-1/2

[Event "5th Pablo Gorbea Mem Open"]
[Site "Madrid ESP"]
[Date "2001.09.13"]
[Round "7"]
[White "Kovacevic,Sl"]
[Black "Mitkov,N"]
[Result "0-1"]
[WhiteElo "2378"]
[BlackElo "2547"]

1.Nf3 d5 2.g3 Bg4 3.Bg2 Nd7 4.d3 e6 5.Nbd2 Bd6 6.b3 Ne7 7.Bb2 O-O 8.O-O c6
9.e4 Re8 10.Qe1 a5 11.a3 Bh5 12.Ng5 h6 13.Nh3 e5 14.f4 f6 15.Kh1 Qc7 16.Qf2 Rf8
17.d4 Rae8  0-1

[Event "6th ECCW"]
[Site "Belgrade YUG"]
[Date "2001.09.17"]
[Round "2"]
[White "Marin,L"]
[Black "Zimina,O"]
[Result "0-1"]
[WhiteElo "2159"]
[BlackElo "2312"]

1.g3 d5 2.Nf3 Nf6 3.Bg2 c6 4.O-O Bg4 5.d3 Nbd7 6.Nbd2 e5 7.e4 dxe4 8.dxe4 Bc5
9.h3 Bh5 10.Qe2 a5 11.a4 O-O 12.Rd1 Qe7 13.Nc4 Bxf3 14.Bxf3 Rfe8 15.Ne3 g6
16.Ng4 Nxg4 17.Bxg4 Nf8 18.Bh6 Ne6 19.c3 Qf6 20.h4 Rad8 21.Kg2 Bb6 22.f3 Qe7
23.Rxd8 Rxd8 24.Rd1 Nc5 25.b4 axb4 26.cxb4 Nxa4 27.Rxd8+ Qxd8 28.Qc2 Qd4
29.Bc8 Nc3 30.Bxb7 Nd1 31.Kf1 Nc3 32.Kg2 Qg1+ 33.Kh3 Nd1 34.Kg4 Bf2 35.Kg5  0-1

[Event "6th ECCW"]
[Site "Belgrade YUG"]
[Date "2001.09.18"]
[Round "3"]
[White "Foisor,C"]
[Black "Sedina,E"]
[Result "1/2-1/2"]
[WhiteElo "2423"]
[BlackElo "2380"]

1.Nf3 d5 2.g3 Bg4 3.Bg2 Nd7 4.d3 c6 5.O-O e5 6.Nbd2 Ngf6 7.e4 dxe4 8.dxe4 Bc5
9.Qe1 O-O 10.Nc4 Re8 11.b4 Bf8 12.Bb2 Qc7 13.a3 b5 14.Ne3 Nb6 15.Nxe5 Rxe5
16.f4 Ree8 17.Bxf6 Be6 18.Be5 Qe7 19.Bd4 Qc7 20.Rf2 c5 21.Be5 Qe7 22.Rd1 Rad8
23.Rfd2 Rxd2 24.Rxd2 Rd8 25.Rxd8 Qxd8 26.f5 Bc8 27.Bc3 Bb7 28.f6 g6 29.Qd2 Qc8
30.Kh1 Qe6 31.bxc5 Nc4 32.Qd4 Nxe3 33.Qxe3 Qc4 34.Bd4 Qxc2 35.h4 a5 36.Kh2 b4
37.axb4 axb4 38.Qf4 b3 39.Qe5 Bc6 40.g4 Qe2 41.Kg3  1/2-1/2

[Event "Boca Open"]
[Site "Buenos Aires ARG"]
[Date "2001.09.18"]
[Round "2"]
[White "Garcia,Rai"]
[Black "Slipak,S"]
[Result "1/2-1/2"]
[WhiteElo "2368"]
[BlackElo "2472"]

1.Nf3 d5 2.g3 Nf6 3.Bg2 g6 4.O-O Bg7 5.d3 O-O 6.Nc3 d4 7.Nb5 c5 8.c4 Nc6
9.e4 e5 10.Na3 Ne8 11.Ng5 h6 12.Nh3 f5 13.exf5 Bxf5 14.f3 Nd6 15.Nf2 Qd7
16.Nc2 Rab8 17.Bd2 b5 18.cxb5 Rxb5 19.b3 Nb4 20.Na3 Rbb8 21.Qe2 Nb5 22.Nxb5 Qxb5
23.Bxb4 cxb4 24.Ne4 Qa6 25.f4 Qe6 26.fxe5 Qxe5 27.Rac1 h5 28.Qd2 Qe7  1/2-1/2

[Event "6th ECCW"]
[Site "Belgrade YUG"]
[Date "2001.09.19"]
[Round "4"]
[White "Marin,L"]
[Black "Kezele,T"]
[Result "1/2-1/2"]
[WhiteElo "2159"]
[BlackElo "2045"]

1.g3 d5 2.Nf3 Nf6 3.Bg2 Bg4 4.O-O e6 5.d3 Bd6 6.Nbd2 Nbd7 7.b3 c6 8.Bb2 O-O
9.c4 e5 10.Qc2 Re8 11.e4 d4 12.Nh4 Qc7 13.f3 Be6 14.Rf2 c5 15.Raf1 Nh5 16.Qd1 g6
17.Bh1 Bh3 18.Bg2 Be6 19.Bh1 Bh3 20.Bg2 Be6 21.Bh1  1/2-1/2

[Event "6th ECCW"]
[Site "Belgrade YUG"]
[Date "2001.09.20"]
[Round "5"]
[White "Foisor,C"]
[Black "Benderac,A"]
[Result "1-0"]
[WhiteElo "2423"]
[BlackElo "2276"]

1.Nf3 d5 2.g3 Nf6 3.Bg2 c5 4.O-O Nc6 5.d4 e6 6.c4 Be7 7.cxd5 Nxd5 8.dxc5 Bxc5
9.a3 O-O 10.Qc2 Qe7 11.b4 Bb6 12.Bb2 Nc7 13.Nbd2 e5 14.e3 f6 15.Nc4 Be6 16.Rfd1 Rfd8
17.Rxd8+ Rxd8 18.Nxb6 axb6 19.Rd1 Rxd1+ 20.Qxd1 Qd7 21.Qxd7 Bxd7 22.Nd2 Be6
23.f4 Bd5 24.Bf1 b5 25.Bd3 b6 26.Kf2 h6 27.h4 Kf7 28.g4 Ke6 29.Nf1 g5 30.fxg5 fxg5
31.hxg5 hxg5 32.Ng3 Ne7 33.Bc1 Bc6 34.e4 Kf6 35.Nh5+ Kg6 36.Bb2  1-0

[Event "4NCL"]
[Site "Birmingham ENG"]
[Date "2001.09.22"]
[Round "1"]
[White "Lauterbach,I"]
[Black "Rutherford,E"]
[Result "1/2-1/2"]
[WhiteElo "2138"]
[BlackElo "2117"]

1.Nf3 d5 2.g3 Nf6 3.Bg2 Bg4 4.O-O Nbd7 5.d3 Bxf3 6.Bxf3 c6 7.Nd2 e6 8.Bg2 a5
9.a4 Bd6 10.e4 dxe4 11.dxe4 O-O 12.Qe2 Bc7 13.Nc4 Qe7 14.b3 Rfd8 15.Ba3 Qe8
16.Bd6 Bxd6 17.Nxd6 Qe7 18.Nxb7 Rdb8 19.e5 Nxe5 20.Qxe5 Qxb7 21.Rad1 Nd5
22.Rd2 Rc8 23.Rfd1 Qb8 24.Qd4 h6 25.c4 Nf6 26.Qe3 Qb4 27.Rd6 Nd5 28.Qe5 Qxb3
29.Rc1 Nb4 30.Be4 Na2 31.Ra1 Nb4 32.Rc1 Qxa4 33.Ra1 Qb3 34.Rxa5 Qxc4 35.Rxa8 Rxa8
36.Kg2 Nd5 37.Bf3 Qc5 38.Rd7 Rc8 39.Bg4 Qc3 40.Qd6 Qb4 41.Qxb4 Nxb4 42.h4 c5
43.Bd1 Nd5 44.Kf1 Kf8 45.Ke1 Rc7 46.Rd8+ Ke7 47.Rb8 Kf6 48.Kd2 Ke5 49.Bc2 Kd4
50.Ra8 Rb7 51.Rd8 c4 52.Rc8 Rd7 53.Rb8 c3+ 54.Kc1 Kc4 55.Bb3+ Kd3 56.Kd1 Ke4
57.Ke2 Kd4 58.Kd1 e5 59.Rc8 Rc7 60.Rd8 Rc5 61.Rd7 Rb5 62.Kc2 e4 63.Bxd5 Rxd5
64.Rxf7 g5 65.hxg5 hxg5 66.g4 Ra5 67.Rd7+ Ke5 68.Rf7 Ke6 69.Rf8 Ke7 70.Rg8 Kf7
71.Rb8 Ra2+ 72.Kxc3 Rxf2 73.Kd4 Rf4 74.Rb7+ Ke6 75.Rb6+ Kd7 76.Rb7+ Kc6 77.Re7 Rxg4
78.Rxe4 Rg3 79.Ke5 Rd3 80.Rg4 Rd5+  1/2-1/2

[Event "Battle of Crete Rapid"]
[Site "Panormo GRE"]
[Date "2001.09.22"]
[Round "8"]
[White "Nikolaidis,I"]
[Black "Svetushkin,D"]
[Result "0-1"]
[WhiteElo "2531"]
[BlackElo "2461"]

1.Nf3 d5 2.g3 Nf6 3.Bg2 c6 4.b3 Bf5 5.Bb2 e6 6.O-O Be7 7.d3 O-O 8.Nbd2 h6
9.Qe1 a5 10.a3 c5 11.e4 Bh7 12.e5 Nfd7 13.a4 Nc6 14.Qe2 Qc7 15.Rfe1 Rfb8
16.h4 Nb4 17.Rec1 b5 18.axb5 Rxb5 19.Nb1 Rbb8 20.Nc3 Rc8 21.Na4 Rab8 22.Nd2 Nb6
23.Nxb6 Qxb6 24.Bc3 Ra8 25.Kh2 Nc6 26.Ra4 Nd4 27.Qe1 Bg6 28.Nf3 Nc6 29.Nd2 Nd4
30.Nf3 Nc6 31.Nd2 Bd8 32.Rg4 Nd4 33.Bxd4 cxd4 34.Nf3 Bh5 35.Rf4 Bxf3 36.Rxf3 Rc3
37.Qd1 Qc7 38.Qe2 Rxb3 39.cxb3 Qxc1 40.Rf4 Qc3 41.Bh3 Qxb3 42.Qf3 Qb7 43.Bxe6 fxe6
44.Rf8+ Kh7 45.Rf7 Qc8 46.Qg4 Bg5 47.hxg5 Qe8 48.Qh5 Kg8 49.g6 a4 50.Qe2 a3
51.Qa2 Qb5 52.Rc7 Qxd3 53.Rc6  0-1

[Event "Battle of Crete Rapid"]
[Site "Panormo GRE"]
[Date "2001.09.22"]
[Round "10"]
[White "Banikas,H"]
[Black "Grivas,E"]
[Result "0-1"]
[WhiteElo "2531"]
[BlackElo "2489"]

1.Nf3 d5 2.g3 c5 3.Bg2 Nc6 4.O-O e6 5.d3 Bd6 6.Nbd2 Nge7 7.c4 O-O 8.b3 b6
9.e3 Bb7 10.Bb2 Qd7 11.Qe2 Rad8 12.Rac1 Rfe8 13.Rfd1 Ba6 14.a3 Ng6 15.Ne1 Be5
16.Ndf3 Bxb2 17.Qxb2 dxc4 18.bxc4 Qc7 19.Qc3 Rd7 20.Nd2 Red8 21.f4 Nce7 22.Ne4 Bb7
23.Qb2 h6 24.Qf2 Nf5 25.Bf3 Bc6 26.h4 Nd6 27.Nc3 Bxf3 28.Nxf3 h5 29.e4 Ne8
30.Qe2 Nf6 31.e5 Ng4 32.Nh2 Ne7 33.Nxg4 hxg4 34.Ne4 Nf5 35.Kh2 Qc6 36.Rc3 Kf8
37.Re1 Rd4 38.Qxg4 Rxd3 39.Rxd3 Rxd3 40.Qh5 Rd4 41.Ng5 Rd2+ 42.Re2 Rxe2+
43.Qxe2 g6 44.Qd3 Ke7 45.Nf3 Qd7 46.Qxd7+ Kxd7 47.Nd2 Ne3 48.Kh3 a6 49.a4 Ke7
50.g4 Kf8 51.Kg3 Nd1 52.Ne4 a5 53.h5 gxh5 54.gxh5 Kg7 55.Kh4 Nb2 56.Kg5 Nxa4
57.h6+ Kh7 58.Nd6 Nc3 59.Nxf7 a4 60.Kh5 Ne4 61.Ng5+ Nxg5 62.fxg5 a3 63.g6+ Kg8  0-1

[Event "ECC"]
[Site "Panormo GRE"]
[Date "2001.09.24"]
[Round "2"]
[White "Hickl,J"]
[Black "Azmaiparashvili,Z"]
[Result "1/2-1/2"]
[WhiteElo "2600"]
[BlackElo "2674"]

1.g3 d5 2.Nf3 g6 3.c4 d4 4.Bg2 Bg7 5.d3 Nh6 6.Qa4+ c6 7.b4 O-O 8.Nbd2 b6
9.O-O Bb7 10.Nb3 Nf5 11.Bb2 e5 12.Rac1 Nd7 13.Nfd2 Qc7 14.c5 Rfc8 15.Ne4 Nf6
16.Bh3 Rd8 17.Nxf6+ Bxf6 18.Bg2 Ne7 19.Rfe1 Nd5 20.b5 Qd7 21.bxc6 Bxc6 22.Qa3 Be7
23.e3 dxe3 24.Bxe5 Bf6 25.f4 Bxe5 26.fxe5 Ne7 27.Bxc6 Nxc6 28.Rxe3 b5 29.Qb2 a5
30.Nd2 Qd4 31.Qxd4 Rxd4 32.Nf3 Rd5 33.d4 b4 34.Kf2 Rad8 35.Rd3 Nxe5 36.Nxe5 Rxe5
37.dxe5 Rxd3 38.c6 Rd8 39.Ke3 Kf8 40.Rc5 a4 41.Rb5 Rc8 42.Rb6 Ke7 43.Rxb4 Rxc6
44.Rxa4 g5 45.Ke4 Rc2 46.h4 gxh4 47.gxh4 Kf8 48.a3 Rc3 49.Kf5 Rf3+ 50.Kg5 Kg7
51.Ra6 h6+ 52.Kg4 Re3 53.Ra5 Re4+ 54.Kg3 h5  1/2-1/2

[Event "ECC"]
[Site "Panormo GRE"]
[Date "2001.09.24"]
[Round "2"]
[White "Vassallo,M"]
[Black "Kruppa,Y"]
[Result "1/2-1/2"]
[WhiteElo "2470"]
[BlackElo "2552"]

1.Nf3 d5 2.g3 Bg4 3.Bg2 Nd7 4.O-O c6 5.d3 e6 6.Nbd2 Bd6 7.b3 Ne7 8.Bb2 O-O
9.c4 b5 10.Qc2 Qb8 11.e4 Rc8 12.Rfe1 a5 13.h3 Bh5 14.d4 a4 15.exd5 cxd5 16.c5 a3
17.Bc1 b4 18.Qd3 Bc7 19.Nf1 Bg6 20.Qe2 Nc6 21.Be3 h6 22.N1h2 Be4 23.Rad1 Rf8
24.Qd2 f5 25.Bf4 Bxf4 26.gxf4 Qc7 27.Nh4 Bxg2 28.Kxg2 Rae8 29.N2f3 Kh7 30.Kh1 Nf6
31.Rg1 Ne4 32.Qe3 Nc3 33.Rd2 Rf6 34.Ne5 Ne4 35.Rc2 Nxe5  1/2-1/2

[Event "ECC"]
[Site "Panormo GRE"]
[Date "2001.09.26"]
[Round "4"]
[White "Malakhov,V"]
[Black "Movsesian,S"]
[Result "1/2-1/2"]
[WhiteElo "2637"]
[BlackElo "2627"]

1.Nf3 d5 2.g3 c6 3.Bg2 Nf6 4.O-O Bf5 5.d3 h6 6.b3 e6 7.Bb2 Nbd7 8.Nbd2 Bh7
9.Re1 a5 10.a4 Bb4 11.e4 dxe4 12.dxe4 O-O 13.Qe2 Qc7 14.Red1 e5 15.Ne1 Rfe8
16.Nc4 Bf8 17.f3 b5 18.axb5 cxb5 19.Na3 Rab8 20.Kh1 Qc6 21.c4 b4 22.Nac2 Nc5
23.Rxa5 Qc7 24.Rb5 Nxb3 25.Bf1 Rxb5 26.cxb5 Qb7 27.Nd3 Qxb5 28.Ndxb4 Qa4
29.Qc4 Na5 30.Qb5 Qxb5 31.Bxb5 Rb8 32.Bd3 Bxb4 33.Bxe5 Nxe4 34.Bxb8 Nf2+
35.Kg2  1/2-1/2

[Event "ECC"]
[Site "Panormo GRE"]
[Date "2001.09.26"]
[Round "4"]
[White "Kozul,Z"]
[Black "Rustemov,A"]
[Result "1/2-1/2"]
[WhiteElo "2556"]
[BlackElo "2607"]

1.Nf3 d5 2.g3 Nf6 3.Bg2 c6 4.O-O Bf5 5.d3 h6 6.c4 e6 7.cxd5 exd5 8.Nd4 Bg6
9.e4 Bc5 10.Nb3 Bb6 11.e5 Ng8 12.Nc3 Ne7 13.Ne2 Nd7 14.d4 O-O 15.Nf4 Bf5
16.Kh1 Ng6 17.Nh5 f6 18.f4 fxe5 19.dxe5 Qe7 20.g4 Be4 21.Bxe4 dxe4 22.Bd2 Ngxe5
23.fxe5 Nxe5 24.Qe2 Qh4 25.Nxg7 Qxg4 26.Qxg4 Nxg4 27.Nh5 Kh7 28.Bc3 Kg6 29.Nf4+ Kh7
30.Nh3 e3 31.Rxf8 Rxf8 32.Rg1 h5 33.Nd4 e2 34.Nxe2 Bxg1 35.Kxg1 Ne3 36.Nhf4 Rg8+
37.Kh1 Kh6 38.h3 Rd8 39.Kg1 Nd5 40.Nxd5 Rxd5 41.h4 c5 42.Kf2 b5 43.a3 Rd1
44.Nf4 Rb1 45.Nd3 Rh1 46.Kg3 Rg1+ 47.Kf3 Rh1 48.Kg3 Rg1+ 49.Kh2 Rg4 50.Kh3 Rc4
51.Bd2+ Kh7 52.Be3 Rc2 53.Bxc5 Rd2 54.Nf4 Rxb2 55.Nxh5 a5 56.Kg4 Rc2 57.Nf6+ Kg7
58.Ne4 Rc4 59.Kf5 b4 60.axb4 axb4  1/2-1/2

[Event "ECC"]
[Site "Panormo GRE"]
[Date "2001.09.29"]
[Round "7"]
[White "Kiik,K"]
[Black "Lipka,J"]
[Result "1/2-1/2"]
[WhiteElo "2449"]
[BlackElo "2432"]

1.Nf3 d5 2.g3 c6 3.Bg2 Bg4 4.d3 Nd7 5.Nbd2 e6 6.O-O Bd6 7.e4 Ne7 8.Qe1 O-O
9.e5 Bc7 10.b3 c5 11.h3 Bxf3 12.Nxf3 Ng6 13.Bb2 Qb8 14.b4 Ngxe5 15.bxc5 Nxf3+  1/2-1/2

[Event "Tatry Open"]
[Site "High Tatras SVK"]
[Date "2001.09.30"]
[Round "2"]
[White "Tikovsky,A"]
[Black "Furman,B"]
[Result "1/2-1/2"]
[WhiteElo "2184"]
[BlackElo "2279"]

1.g3 d5 2.Nf3 Nf6 3.Bg2 e6 4.O-O c5 5.c4 Nc6 6.cxd5 Nxd5 7.d4 cxd4 8.Nxd4 Bd7
9.e4 Nc7 10.Nc3 Be7 11.Be3 O-O 12.Qe2 Nxd4 13.Bxd4 Qe8 14.Rfd1 a6 15.Rac1 Nb5
16.Nxb5 axb5 17.a3 b4 18.axb4 Bxb4 19.Bc5  1/2-1/2

[Event "Chigorin Mem Open"]
[Site "St Petersburg RUS"]
[Date "2001.10.01"]
[Round "7"]
[White "Obukhov,A"]
[Black "Kornev,Alexe"]
[Result "0-1"]
[WhiteElo "2436"]
[BlackElo "2518"]

1.Nf3 d5 2.g3 c6 3.Bg2 Bg4 4.c4 e6 5.O-O Nd7 6.cxd5 exd5 7.d3 Ngf6 8.Nc3 Bc5
9.Qb3 Qb6 10.Qc2 Qa6 11.Rb1 O-O 12.b4 Bd6 13.a4 Qb6 14.Be3 Qd8 15.Nd4 Re8
16.Qd2 Ne5 17.f4 Ng6 18.Bf2 a5 19.bxa5 Qxa5 20.Nb3 Qc7 21.h3 Bd7 22.e4 dxe4
23.dxe4 Bxf4 24.gxf4 Nxf4 25.Bd4 N6h5 26.Rf3 Re6 27.Nc5 Rg6 28.Rxb7 Nxg2
29.Rxc7 Nh4+ 30.Kf2 Rg2+ 31.Ke3 Rxd2 32.Rxd7 Nxf3 33.Kxf3 h6 34.Kg4 Ra5 35.e5 Rxd4+
36.Rxd4 Rxc5 37.Ne4 Rxe5 38.Nd2 Rg5+ 39.Kf3 Rg3+ 40.Ke4 Rxh3 41.Ke5 Ng3 42.Rd3 Kf8
43.Ra3 Ke7 44.Nf3 f6+ 45.Kd4 Kd6 46.a5 Nf5+ 47.Kc4 Nh4 48.a6 Nxf3 49.a7 Ne5+
50.Kb4 Rxa3  0-1

[Event "Tatry Open"]
[Site "High Tatras SVK"]
[Date "2001.10.02"]
[Round "5"]
[White "Antoniewski,R"]
[Black "Sikorova,O"]
[Result "1/2-1/2"]
[WhiteElo "2446"]
[BlackElo "2274"]

1.Nf3 d5 2.g3 Nf6 3.Bg2 e6 4.O-O Be7 5.d3 O-O 6.Nbd2 c5 7.e4 Nc6 8.Re1 Qc7
9.Nf1 dxe4 10.dxe4 Rd8 11.Bd2 e5 12.Qc1 b6 13.Nh4 Ne8 14.Nf5 Nd6 15.N5e3 Qb7
16.Nd5 Nc4 17.h4 Nxd2 18.Nxd2 Be6 19.a4 Nb4 20.Ne3 a6 21.Ndc4 f6 22.a5 Bxc4
23.Nxc4 b5 24.Nb6 Rab8 25.b3 Rd6 26.Nd5 Bd8 27.Qd2  1/2-1/2

[Event "Chigorin Mem Open"]
[Site "St Petersburg RUS"]
[Date "2001.10.02"]
[Round "8"]
[White "Kochyev,A"]
[Black "Guseynou,R"]
[Result "1-0"]
[WhiteElo "2412"]
[BlackElo "2238"]

1.Nf3 d5 2.g3 Nf6 3.Bg2 Bg4 4.c4 c6 5.Ne5 Be6 6.cxd5 Bxd5 7.Nf3 Be4 8.Nc3 Bg6
9.Ne5 e6 10.Nxg6 hxg6 11.O-O Nbd7 12.d4 Be7 13.e4 Nb6 14.h4 Nfd7 15.Re1 O-O
16.e5 Qc7 17.h5 Rfd8 18.hxg6 fxg6 19.Qg4 Nf8 20.Bf3 Bb4 21.Kg2 Nd5 22.Bd2 Ne7
23.d5 Bxc3 24.d6 Qd7 25.dxe7 Bxd2 26.exd8=Q Rxd8 27.Re4 Qc7 28.Rd4 Ba5 29.Rxd8 Qxd8
30.Rd1 Qe7 31.Be4 Bc7 32.Bxg6 Bxe5 33.b3 c5 34.Bd3 Bd4 35.a4 Qf6 36.Rd2 Nd7
37.Bc4 Kf7 38.Qe4 b6 39.Qb7 Qe7 40.Qxa7 Ne5 41.Qxe7+ Kxe7 42.f4 Nc6 43.Re2 e5
44.Bb5 Na7 45.fxe5 Nxb5 46.axb5 Ke6 47.Kf3 Bxe5 48.Re4 Kd5 49.Rg4 Bf6 50.Ke3 Ke5
51.Kd3 Kf5 52.Rf4+ Ke5 53.Re4+ Kd5 54.Re8 Be5 55.g4 Bd4 56.g5 Be5 57.g6 Kd6
58.Ke4 Bc3 59.Rc8 Ba5 60.Rc6+ Ke7 61.Kd5  1-0

[Event "Chigorin Mem Open"]
[Site "St Petersburg RUS"]
[Date "2001.10.02"]
[Round "8"]
[White "Loginov,Va"]
[Black "Yagupov,I"]
[Result "1/2-1/2"]
[WhiteElo "2513"]
[BlackElo "2442"]

1.Nf3 d5 2.g3 Bg4 3.Bg2 Nd7 4.c4 e6 5.cxd5 exd5 6.O-O c6 7.d3 Bd6 8.Qc2 Ne7
9.e4 O-O 10.Nc3 Rc8 11.h3 Bh5 12.Be3 Bc5 13.Bxc5 Nxc5 14.Ne2 Ne6 15.Qb3 Rc7
16.Rac1 f6 17.Nfd4 Nxd4 18.Nxd4 Bf7 19.Qa4 Rd7 20.Nb3 dxe4 21.dxe4 b6 22.Bf3 Be6
23.Kg2 Qc8 24.Bg4 f5 25.exf5 Nxf5 26.Kh2 c5 27.Rce1 Bd5 28.Re5 g6 29.Kg1 Qb7
30.Rxd5 Qxd5 31.Rd1 Qxd1+ 32.Bxd1 Rxd1+ 33.Kg2 Rf7 34.Nxc5 Ne3+ 35.fxe3 Rd2+
36.Kg1 bxc5 37.Qe8+ Kg7 38.Qe5+ Kg8 39.Qe8+  1/2-1/2

[Event "Chigorin Mem Open"]
[Site "St Petersburg RUS"]
[Date "2001.10.03"]
[Round "9"]
[White "Kokarev,D"]
[Black "Najer,E"]
[Result "1/2-1/2"]
[WhiteElo "2473"]
[BlackElo "2599"]

1.Nf3 d5 2.g3 g6 3.Bg2 Bg7 4.O-O e5 5.c4 c6 6.Qa4 d4 7.e3 Ne7 8.exd4 exd4
9.d3 O-O 10.Re1 Na6 11.Qa3 c5 12.Nbd2 Nb4 13.Qb3 h6 14.a3 Nbc6 15.Rb1 b6
16.Nf1 Bf5 17.Qc2 a5 18.N3d2 Ra7 19.Ne4 Bc8 20.f4 Bd7 21.Bd2 a4 22.b4 axb3
23.Qxb3 Nc8 24.Bc1 N6e7 25.Qc2 Bc6 26.Qf2 Qd7 27.h3 f5 28.Ned2 Bxg2 29.Kxg2 Kh7
30.Nf3 Rf6 31.Qe2 Nc6 32.N1d2 Qd8 33.Bb2 Re7 34.Qf2 Rfe6 35.Nf1 Nd6 36.Rxe6 Rxe6
37.Re1 Qe8 38.Rxe6 Qxe6 39.Qe1 Qxe1 40.Nxe1 Kg8 41.Nd2 Kf7 42.Nb3 Nb7 43.Kf2 Bf8
44.Nc2 Nca5  1/2-1/2

[Event "TCh-BUL"]
[Site "Pamporovo BUL"]
[Date "2001.10.04"]
[Round "3"]
[White "Kirov,N"]
[Black "Tsvetkov,I"]
[Result "1/2-1/2"]
[WhiteElo "2422"]
[BlackElo "2349"]

1.Nf3 d5 2.g3 c6 3.Bg2 Bf5 4.c4 e6 5.O-O Nf6 6.d3 Nbd7 7.cxd5 exd5 8.Nc3 Be7
9.Nd4 Bg6 10.e4 Nc5 11.b4 Ne6 12.Nc2 O-O 13.h3 a5 14.bxa5 dxe4 15.dxe4 Nc5  1/2-1/2

[Event "ch-SLO"]
[Site "Grize SLO"]
[Date "2001.10.05"]
[Round "5"]
[White "Srebrnic,V"]
[Black "Sitnik,I"]
[Result "0-1"]
[WhiteElo "2201"]
[BlackElo "2294"]

1.Nf3 d5 2.g3 Nf6 3.Bg2 c5 4.O-O Nc6 5.d4 e6 6.c4 cxd4 7.Nxd4 Bc5 8.Nb3 Be7
9.cxd5 Nxd5 10.e4 Ndb4 11.Nc3 O-O 12.a3 Nd3 13.Qe2 Nxc1 14.Raxc1 Bd7 15.Rfd1 Qc8
16.Nb5 e5 17.Nd6 Bxd6 18.Rxd6 Bh3 19.Qd2 Bxg2 20.Kxg2 Qg4 21.f3 Qh5 22.Rc5 f6
23.Na5 Nxa5 24.Rxa5 Qf7 25.Rd7 Qb3 26.Qd5+ Qxd5 27.Raxd5 Rab8 28.Rc7 Rf7
29.Rdd7 Rxd7 30.Rxd7 a5 31.f4 exf4 32.gxf4 b6 33.Kf3 Rc8 34.Rb7 Rc6 35.h4 a4
36.h5 h6 37.Kg4 Kh7 38.Kf5 Rc5+ 39.e5 Rb5 40.Ke6 fxe5 41.fxe5 Rxb2 42.Ke7 Rb3
43.e6 Kg8 44.Ke8 Rg3 45.Rxb6 Rxa3 46.Ra6  0-1

[Event "5th Russian Cup Final"]
[Site "Kazan RUS"]
[Date "2001.10.05"]
[Round "4"]
[White "Kornev,Alexe"]
[Black "Vaulin,A"]
[Result "1/2-1/2"]
[WhiteElo "2525"]
[BlackElo "2545"]

1.Nf3 d5 2.g3 c6 3.Bg2 Nf6 4.O-O Bg4 5.c4 e6 6.cxd5 exd5 7.d3 Nbd7 8.Qc2 Bc5
9.Nbd2 O-O 10.e4 dxe4 11.dxe4 Re8 12.Re1 Bh5 13.h3 Qc7 14.Nf1 Qb6 15.Nh4 Rad8
16.Be3 Bxe3 17.Rxe3 Nc5 18.Kh2 Bg6 19.Nxg6  1/2-1/2

[Event "TCh-RUS Siberian Zone"]
[Site "Omsk RUS"]
[Date "2001.10.05"]
[Round "1"]
[White "Starosek,K"]
[Black "Arkhipov,S"]
[Result "1-0"]
[WhiteElo "2490"]
[BlackElo "2499"]

1.Nf3 d5 2.g3 c6 3.Bg2 Bg4 4.O-O Nd7 5.d3 Ngf6 6.Nbd2 e5 7.e4 Bd6 8.h3 Bh5
9.b3 O-O 10.Bb2 Re8 11.Qe1 a5 12.a3 Qc7 13.Nh4 Bg6 14.Nxg6 hxg6 15.Qe2 Nc5
16.Rab1 dxe4 17.dxe4 b5 18.Rfc1 Qe7 19.Rd1 Red8 20.Ra1 Rab8 21.h4 Bc7 22.Bh3 Bb6
23.Bg2 Ne6 24.Nf3 Nd4 25.Nxd4 exd4 26.e5 Nd5 27.a4 bxa4 28.Rxa4 Nc3 29.Bxc3 dxc3
30.Raa1 Re8 31.Bxc6 Qxe5 32.Qxe5 Rxe5 33.Kf1 Rf5 34.f4 Rf6 35.Bd7 Rd8 36.Rd3 Kf8
37.Rad1 Ke7 38.Re1+ Kf8 39.Ba4 Re6 40.Rxe6 fxe6 41.Rxc3 Rd2 42.Bb5 Rf2+ 43.Ke1 Rh2
44.Kd1 Ke7 45.Bc6 Bf2 46.Rd3 Kf6 47.Be4 Bc5 48.Rd7 Be3 49.Rd3 Bc5 50.c3 Rb2
51.Rd7 Rxb3 52.g4 Be7 53.Kc2 Ra3 54.g5+ Kf7 55.Bxg6+ Kxg6 56.Rxe7 Ra4 57.Rxe6+ Kf5
58.Re7 Kg6 59.Re6+ Kf5 60.Ra6 Rxf4 61.Rxa5+ Kg6 62.Ra6+ Kh5 63.Ra7 Kg6 64.h5+ Kxg5
65.Rxg7+ Kf6 66.Ra7 Ke6 67.h6 Kd5 68.Ra5+  1-0

[Event "TCh-BUL"]
[Site "Pamporovo BUL"]
[Date "2001.10.05"]
[Round "4"]
[White "Radulov,I"]
[Black "Vasilev,M"]
[Result "0-1"]
[WhiteElo "2408"]
[BlackElo "2377"]

1.Nf3 d5 2.g3 Nf6 3.c4 c6 4.Qc2 dxc4 5.Qxc4 Bf5 6.Bg2 Nbd7 7.Nc3 e5 8.d3 Be7
9.O-O h6 10.Rd1 O-O 11.d4 Bc2 12.dxe5 Bxd1 13.exf6 Nxf6 14.Bxh6 Bc2 15.Be3 Qa5
16.Nd4 Bg6 17.a3 Rad8 18.b4 Qe5 19.Rc1 a5 20.Nf3 Qh5 21.Bb6 Rd7 22.Bxa5 Re8
23.e4 Bf8 24.Nh4 Bh7 25.Re1 c5 26.f4 Rd4 27.Qb5 cxb4 28.axb4 Qg4 29.e5 Qc8
30.Ne2 Rd2 31.Qxb7 Qc2 32.exf6 Rexe2 33.f5 Bxf5 34.Nxf5 Qxf5 35.h3 Qf2+ 36.Kh2 Bd6  0-1